000
00276nam a2200109Ia 4500
001
1260293
005
20260417140329.0
008
260417s9999 xx 000 0 und d
020
_a
9786256999145
245
0
_a
Yediçınar Yaylası
_c
Kemal Tahir
260
_b
Ketebe Yayınları
999
_c
1260293
_d
1260293